| 000 | 00765nam a2200253Ia 4500 | ||
|---|---|---|---|
| 003 | OSt | ||
| 005 | 20220928111203.0 | ||
| 006 | a|||||r|||| 00| 0 | ||
| 007 | ta | ||
| 008 | 220927b |||||||| |||| 00| 0 hin d | ||
| 020 | _c200 | ||
| 024 | _a120677 | ||
| 037 |
_b74, 21/01/2013, Bharat Pustak Bhandar _cTextual |
||
| 040 |
_aSDCL _cSDCL _bhin |
||
| 041 |
_2hin _ahin |
||
| 082 | _aV2y7N10, Q2 | ||
| 100 |
_aRao K. Vikram _9392109 |
||
| 245 | 0 |
_aDr. Rammanohar Lohia _b Aaj ke sandarbh mein. |
|
| 260 |
_aNew Delhi _bAnamika Publishers & Distributors (Pvt) Ltd. _c2012 |
||
| 300 |
_a64p _ccm. |
||
| 650 |
_aHindi _9391598 |
||
| 942 |
_hV2y7N10, Q2 _cTEXL _2CC |
||
| 999 |
_c738684 _d738684 |
||